Verejnoprospešné práce
Primátori ôsmich miest na Slovensku sa jednotlivo vyjadrujú k otázkam podpory zamestnávania dlhodobo nezamestnaných organizovaním verejnoprospešných prác. Ide o mestá Hlohovec, Vráble, Želiezovce, Malacky, Brezno, Kežmarok, Svidník, Lipany.
Salvato in:
| Natura: | Capitolo di libro |
|---|---|
| Lingua: | slovacco |
| Soggetti: | |
| Tags: |
Nessun Tag, puoi essere il primo ad aggiungerne!!
|
MARC
| LEADER | 00000naa a2200000 4500 | ||
|---|---|---|---|
| 001 | r016332 | ||
| 005 | 20221213114907.4 | ||
| 041 | 0 | |a slo | |
| 044 | |a SK | ||
| 245 | 1 | 0 | |a Verejnoprospešné práce |
| 520 | |a Primátori ôsmich miest na Slovensku sa jednotlivo vyjadrujú k otázkam podpory zamestnávania dlhodobo nezamestnaných organizovaním verejnoprospešných prác. Ide o mestá Hlohovec, Vráble, Želiezovce, Malacky, Brezno, Kežmarok, Svidník, Lipany. | ||
| 610 | 2 | 0 | |a správa verejná |
| 610 | 2 | 0 | |a mestá |
| 610 | 2 | 0 | |a Slovensko |
| 610 | 2 | 0 | |a práce verejnoprospešné |
| 610 | 2 | 0 | |a nezamestnanosť |